000 004690000a22001930004500
999 _c48255
_d48255
001 1079
003 CO-MdFUSB
005 20170717174215.0
008 170717b xxu||||| |||| 00| 0 eng d
020 _a958-04-4991-0
040 _cCO-MdBIC
082 0 4 _a863C F854d
100 1 _aBourgeois, Paulette
245 1 0 _aEl desorden de Franklin / Paulette Bourgeois
260 _aBogotá : Norma
300 _a[ 32 P. ]
650 1 4 _aLiteratura Infantil
942 _cLGB